书目信息 |
| 书名: | Early childhood education 97/98 | |
| 作者: | Paciorek. | |
| 分册号: | ||
| 分册名: | 出版地: | Sluice dock : |
|
| 出版社: | Dushkin/mcgraw.hill | |
| 出版时间: | 1997. | |
| 页数: | 240 p. ; | |
| 开本: | 29cm. | |
| 丛书名: | ||
| 中图分类号: | ||
| 科图分类号: | ||
| 其他分类号: | G61 | |
| 主题词: | ||
| 电子资源: | ||
| 000 | 00387nam 2200145 a 4500 | |
| 001 | E0155095686 | |
| 005 | 2001122815181532 | |
| 008 | 011228s1997 00010 eng | |
| 020 | @a0-697-37251-0. | |
| 040 | @aPFT@beng | |
| 090 | @aG61 | |
| 099 | @dG61@eP117 | |
| 245 | @aEarly childhood education 97/98 / @cPaciorek. | |
| 260 | @aSluice dock :@bDushkin/mcgraw.hill,@c1997. | |
| 300 | @a240 p. ;@c29cm. | |
| Early childhood education 97/98 / / Paciorek.-Sluice dock : : Dushkin/mcgraw.hill, , 1997. |
| 240 p. ; ; 29cm. |
| ISBN 0-697-37251-0. |
| ● |
| 相关链接 |
|
|
|
正题名:Early childhood education 97/98
索取号:G61/P117
 
预约/预借
| 序号 | 登录号 | 条形码 | 馆藏地/架位号 | 状态 | 备注 |
| 1 | 01119 | 300011190 | 社科库409/409社科库 119排2列4层/ [索取号:G61/P117] | 在馆 |